000 00479 a2200157 4500
999 _c101
_d101
008 191107b ||||| |||| 00| 0 eng d
020 _a9781472948014
082 0 0 _a528.02
_bT742
245 _aReed's Nautical Almanac 2018 /
_cedited by Perrin Towler and Mark Fishwick
260 _aLondon:
_bBloomsbury Publishing,
_c2017.
300 _a1085 p.
650 0 _aNautical Science
700 _95141
_aTowler, Perrin
_eeditor
700 _95142
_aFishwick, Mark
_eeditor
942 _2ddc
_cBK